|
|
|
|
| LEADER |
00000nam a2200000 a 4500 |
| 003 |
AR-BeUNQ |
| 005 |
20191120120435.0 |
| 008 |
010926s1971 ag 000 0 spa d |
| 999 |
|
|
|c 30054
|d 113854
|
| 040 |
|
|
|a AR-beUNQ
|b spa
|e aacr
|
| 082 |
0 |
4 |
|a 320.982
|2 21
|
| 099 |
|
|
|a 01-C85 [Fondo Reservado]
|
| 100 |
1 |
|
|a Cooke, John William,
|d 1919-1968
|
| 245 |
1 |
3 |
|a La lucha por la liberación nacional ;
|b El retorno de Perón ; La revolución y el peronismo /
|c John William Cooke.
|
| 260 |
|
|
|a Buenos Aires :
|b Ediciones Papiro,
|c 1971.
|
| 300 |
|
|
|a [110] p. ;
|c 20 cm.
|
| 490 |
1 |
|
|a Colección política ;
|
| 500 |
|
|
|a El ejemplar fue donado por Pedro Kanof "in memoria" de Renata Giorgetti, Sociologa, Danza, Terapista, Combatiente por la Justicia Social (Roma, 4.5.43 - 8.1.2006) y Gulio A. Maccacaro, Médico, Bioestadístico, Cambatiente por la Justicia Social (Codogno 8.1.1924 - Milano 15.1.1977)
|
| 592 |
|
|
|a Colección Pedro Kanof
|
| 650 |
|
7 |
|a Movimientos de Liberación Nacional
|2 spines
|
| 650 |
|
7 |
|a Partidos políticos
|2 spines
|
| 650 |
|
7 |
|a Revoluciones políticas
|2 spines
|
| 651 |
|
7 |
|a Argentina
|2 spines
|
| 653 |
|
|
|a Peronismo
|
| 653 |
|
|
|a Política nacional
|
| 740 |
3 |
2 |
|a El retorno de Perón
|
| 740 |
3 |
2 |
|a La revolución y el peronismo
|
| 929 |
|
|
|a DONACION
|b Pedro Kanof
|d 50,00E
|e 20171204
|f PAT0069707
|j 57109
|h 1
|
| 942 |
|
|
|c LIB
|n 0
|